| 000 | 00768nam a2200217Ia 4500 | ||
|---|---|---|---|
| 003 | GCL | ||
| 008 | 140319s9999 xx 000 0 ara d | ||
| 040 |
_aGCL / _cGCL |
||
| 082 | 0 | 4 |
_a956.906 _bر م |
| 100 | 1 | _aرفعت سيد احمد | |
| 245 | 1 | 0 |
_aمذكرات زعماء صهيون باحوم تيرنس بيرنى وليم ب كوانت النص الكامل لاتفاق غزة اريحا اولا 1994 / _cرفعت سيد احمد |
| 260 |
_a[S.N] : _bمكتبة رجب ، _c1994 |
||
| 300 | _a125 ص | ||
| 490 | _a | ||
| 650 | 0 | 4 | _aاسرائيل |
| 650 | 0 | 4 | _aالعلاقات الخارجية |
| 650 | 0 | 4 | _aالوضع الدولى |
| 650 | 0 | 4 | _aاتفاقية غزة اريحا |
| 650 | 0 | 4 | _aالمعاهدات الجماعية |
| 942 |
_2ddc _cBK |
||
| 999 |
_c35931 _d35931 |
||